Digital Identity Creation as the Basis for E-marketing Campaigns

Guardado en:
Detalles Bibliográficos
Autor principal: Miklošík, Andrej
Otros Autores: Borguľa, Matúš
Formato: Capítulo de libro
Lenguaje:inglés
Materias:
Etiquetas: Agregar Etiqueta
Sin Etiquetas, Sea el primero en etiquetar este registro!

MARC

LEADER 00000naa$a2200000$$$4500
001 0184166
005 20240502073145.5
041 0 |a eng 
044 |a SK 
245 1 0 |a Digital Identity Creation as the Basis for E-marketing Campaigns  |c Andrej Miklošík, Matúš Borguľa 
610 2 0 |a technológie nové 
610 2 0 |a marketing elektronický 
610 2 0 |a marketing vzťahový 
610 2 0 |a ekonómia 
610 2 0 |a digitalizácia 
610 2 0 |a siete sociálne 
100 1 |a Miklošík, Andrej 
700 1 |a Borguľa, Matúš